00383 2200157 4500001002100000005001500021035002000036245004400056100001500100300002800115260002600143082000800169084001400177020002200191990001200213INLIS00000000000190920250520094604 a0010-05250002011 aAnatomi Fisiologi /cDrs. H. Syaifuddin0 aSyaifuddin a663 hlm ;c15,5 x 24 cm aJakarta :bEGC,c2012 a570 a570 SYA a a978-979-044-219-1 a0754777